U.S. General Knowledge #55 - Statistics

General Stats
  • This quiz has been taken 11,175 times
  • The average score is 12 of 20
Answer Stats
Question Answer % Correct
What type of fish would you be most likely to find on a pizza or a Caesar salad? Anchovy
84%
What group of nine is sometimes referred to as "SCOTUS"? The Supreme Court
72%
What company has a Dough Boy for a mascot? Pillsbury
70%
Which state is divided into parishes instead of counties? Louisiana
69%
What does the Kelley Blue Book list the prices of? Automobiles
67%
To Homer Simpson, what is the opposite of "woohoo"? D'oh!
66%
What numbers begin appearing on U.S. addresses in 1963? Zip Codes
66%
What is another way to spell ketchup? Catsup
65%
What company purchased Whole Foods in 2017? Amazon
64%
What record company was founded in Detroit in 1960 by Berry Gordy Jr.? Motown Records
63%
What Presidential candidate shared his name with a brand of Pineapple? Bob Dole
62%
What drug is sold under the brand names Advil and Motrin? Ibuprofen
58%
What, thanks to a petition from Maxwell House, was ruled by a rabbi to be a berry not a seed, and therefore Kosher for Passover? Coffee
57%
Which weapon in Star Trek can be set to kill or merely to stun? Phaser
53%
Where did Ulysses S. Grant and Dwight Eisenhower go to college? West Point
53%
What type of videocassette lost the "format wars" to VHS in the 1980s? Betamax
50%
Who was known as "The Wizard of Menlo Park"? Thomas Edison
48%
What is the world’s longest system of caves? Mammoth Cave
46%
What was John Grisham's job before becoming a writer? Lawyer (or Politician)
42%
Altria has been, according to one study, the most profitable company for investors since the inception of the S&P 500. What does Altria sell? Cigarettes
16%
No matching quizzes found
Score Distribution
Percent of People with Each Score
Percentile by Number Answered
Your Score History
You have not taken this quiz